Statistics for Oscar Award Categories

Click here to take the quiz!

General Stats

  • This quiz has been taken 14,058 times
    (5,791 since last reset)
  • The average score is 14 of 23

Answer Stats

IntroducedBest ....% Correct
1928Actor
99%
1928Actress
98%
1928Director
91%
1936Supporting Actor
88%
1936Supporting Actress
87%
1928Picture
76%
1930Sound
75%
1940Original Screenplay
71%
1948Costume Design
70%
1934Original Score
69%
2001Animated Feature
63%
1947International Feature Film
60%
1939Visual Effects
58%
1928Cinematography
54%
1931Short Film
53%
1981Makeup and Hairstyling
52%
1934Original Song
50%
1928Adapted Screenplay
50%
1934Film Editing
45%
1943Documentary Feature
43%
1928Production Design
33%
1931Animated Short
24%
1941Documentary Short
18%

Score Distribution

Percentile by Number Answered

Percent of People with Each Score

Your Score History

You have not taken this quiz since the last reset